[Event "BL2-N"]
[Site "Germany"]
[Date "1984.??.??"]
[Round "?"]
[White "Jacoby, Gisbert"]
[Black "Kordsachia, Tariel"]
[Result "1/2-1/2"]
[WhiteElo "2245"]
[BlackElo "2300"]

1.d4 d5 2.c4 e6 3.Nc3 Be7 4.Nf3 Nf6 5.Bf4 O-O 6.e3 a6 7.c5 Nc6 8.Bd3 b6 9.cxb6 cxb6
10.Ne5 Bb7 11.O-O Nb4 12.Bb1 Nd7 13.Nxd7 Qxd7 14.a3 Nc6 15.Na4 Bd8 16.Qb3 Na5
17.Qb4 Qb5 18.Bd6 Re8 19.Ba2 Bc6 20.Nc3 Qxb4 21.Bxb4 Nb7 22.a4 Be7 23.Bxe7 Rxe7
24.Bb1 Rc8 25.Bd3  1/2-1/2

[Event "Bundesliga 8384"]
[Site "Germany"]
[Date "1984.??.??"]
[Round "?"]
[White "Robatsch, Karl"]
[Black "Meyer, Holger"]
[Result "0-1"]
[WhiteElo "2420"]
[BlackElo "2340"]

1.Nf3 Nf6 2.c4 e6 3.Nc3 d5 4.d4 Be7 5.Bf4 O-O 6.e3 c5 7.dxc5 Bxc5 8.Qc2 Nc6
9.Rd1 Qa5 10.a3 Be7 11.Rd2 Ne4 12.Nxe4 dxe4 13.Qxe4 f5 14.Qc2 e5 15.Bg5 Bxg5
16.Nxg5 h6 17.Nf3 e4 18.Nd4 Nxd4 19.exd4 f4 20.Qxe4 Bg4 21.Qd5+ Qxd5 22.cxd5 Rfe8+
23.Be2 f3 24.gxf3 Bxf3 25.Rg1 Rac8 26.Kd1 Rxe2 27.Rxe2 Re8 28.Re1 Re4 29.Kd2 Bxe2
30.Rxe2 Rxd4+ 31.Kc3 Rxd5 32.Re7 Rc5+ 33.Kd4 Rc2 34.Rxb7 Rxf2 35.b4 Rxh2
36.Rxa7 h5 37.b5 Rb2 38.Kc5 h4 39.Ra4 h3 40.Rh4 h2 41.Kd4 g5 42.Rh5 g4 43.Kc3 Rf2
44.b6 g3  0-1

[Event "Bundesliga 8384"]
[Site "Germany"]
[Date "1984.??.??"]
[Round "?"]
[White "Robatsch, Karl"]
[Black "Bartsch, Berthold"]
[Result "1/2-1/2"]
[WhiteElo "2430"]
[BlackElo "2265"]

1.Nf3 Nf6 2.c4 e6 3.Nc3 d5 4.d4 Be7 5.Bf4 O-O 6.Rc1 c6 7.e3 Nbd7 8.Bd3 Re8
9.h3 Nf8 10.O-O Ng6 11.Bh2 Bd6 12.Bxd6 Qxd6 13.c5 Qe7 14.Bxg6 hxg6 15.Ne5 Nd7
16.f4 Nxe5 17.fxe5 b6 18.Ne2 Rb8 19.b3 Ba6 20.Rf2 Bxe2 21.Qxe2 b5 22.Rcf1 Rf8
23.Qg4 Kh7 24.Rf6 Rb7 25.a3 a6 26.R1f3 Qd8 27.R6f4 Qe7 28.Qh4+ Qxh4 29.Rxh4+ Kg8
30.Rhf4 Kh7 31.Kh2 Re7 32.Rh4+ Kg8 33.Rhf4 f5 34.exf6 gxf6 35.Rxf6 Rxf6 36.Rxf6 Kg7
37.Rf3 e5 38.Kg3 exd4 39.exd4 Re2 40.Rf2 Re4 41.Rf4 Re3+ 42.Rf3 Re2 43.Rf2 Re4
44.Rf4 Re3+ 45.Rf3  1/2-1/2

[Event "Bundesliga 8384"]
[Site "Germany"]
[Date "1984.??.??"]
[Round "?"]
[White "Cordes, Hans Joerg"]
[Black "Weidemann, Joerg"]
[Result "0-1"]
[WhiteElo "2305"]
[BlackElo "2290"]

1.Nf3 Nf6 2.c4 e6 3.Nc3 d5 4.d4 Be7 5.Bf4 O-O 6.e3 c5 7.dxc5 Bxc5 8.Qc2 Nc6
9.Rd1 Qa5 10.a3 Be7 11.Rd2 Re8 12.Nb5 Ne4 13.Bc7 b6 14.cxd5 Nxd2 15.Nxd2 Ba6
16.Qxc6 exd5 17.Bd3 Bh4 18.g3 d4 19.e4 Bf6 20.Ke2 Rac8 21.Nd6 Re6 22.N2c4 Qh5+
23.f3 Qh3 24.Kf2 Bg5 25.Qd5 Rxd6 26.Qxg5 Bxc4 27.e5 Bxd3 28.Bxd6 h6  0-1

[Event "Hamburg op"]
[Site "Hamburg"]
[Date "1984.??.??"]
[Round "11"]
[White "Pohl Kuemmel, Jens Uwe"]
[Black "Westerinen, Heikki MJ"]
[Result "1/2-1/2"]
[WhiteElo "2270"]
[BlackElo "2415"]

1.d4 Nf6 2.Nf3 d5 3.c4 e6 4.Nc3 Be7 5.Bf4 O-O 6.e3 c5 7.dxc5 Bxc5 8.cxd5 Nxd5
9.Nxd5 exd5 10.a3 Bf5 11.Bd3 Be4 12.O-O  1/2-1/2

[Event "Wch U20"]
[Site "Kiljava"]
[Date "1984.??.??"]
[Round "?"]
[White "Hansen, Curt"]
[Black "Thorsteins, Karl"]
[Result "1-0"]
[WhiteElo "2485"]
[BlackElo "2375"]

1.Nf3 Nf6 2.c4 e6 3.Nc3 d5 4.d4 Be7 5.Bf4 O-O 6.e3 c5 7.dxc5 Bxc5 8.Qc2 Nc6
9.Rd1 Qa5 10.a3 Be7 11.Nd2 e5 12.Bg5 d4 13.Nb3 Qd8 14.exd4 Nxd4 15.Nxd4 exd4
16.Nb5 Bc5 17.b4 Qe7+ 18.Be2 d3 19.Qxd3 Bxf2+ 20.Kf1 Qe5 21.Bxf6 Qxf6 22.Qf3 Bh4
23.g3 Qxf3+ 24.Bxf3 Bf6 25.c5 a5 26.Nc7 Rb8 27.Kg2 Be5 28.Nd5 axb4 29.axb4 Be6
30.Rhe1 f6 31.Nb6 Rfd8 32.Rxd8+ Rxd8 33.Bxb7 Rd2+ 34.Kh1 Rb2 35.Bd5 Kf7 36.Bxe6+ Kxe6
37.c6 Rc2 38.b5 h5 39.Nd7 Kd6 40.Rd1+ Kc7 41.Nxe5 fxe5 42.Rd7+ Kb6 43.Rb7+ Ka5
44.c7 e4 45.Kg1  1-0

[Event "Neskaupstad"]
[Site "Neskaupstad"]
[Date "1984.??.??"]
[Round "?"]
[White "Knezevic, Milorad"]
[Black "McCambridge, Vincent"]
[Result "1/2-1/2"]
[WhiteElo "2450"]
[BlackElo "2465"]

1.d4 Nf6 2.Nf3 d5 3.c4 e6 4.Nc3 Be7 5.Bf4 O-O 6.e3 a6 7.cxd5 Nxd5 8.Nxd5 exd5
9.a3 c5 10.dxc5 Bxc5 11.Rc1 Bb6 12.Be2 Nc6 13.O-O Re8 14.Qc2 h6 15.Rfd1 Be6
16.Qa4 Qd7 17.h3  1/2-1/2

[Event "Nuoro"]
[Site "Nuoro"]
[Date "1984.??.??"]
[Round "?"]
[White "Klaric, Zlatko"]
[Black "Ivkov, Borislav"]
[Result "1/2-1/2"]
[WhiteElo "2460"]
[BlackElo "2475"]

1.d4 d5 2.c4 e6 3.Nc3 Nf6 4.Nf3 Be7 5.Bf4 O-O 6.e3 c5 7.cxd5 exd5 8.Be2 Nc6
9.O-O Ne4 10.Nxe4 dxe4 11.Ne5 Nxe5 12.Bxe5 Bf5  1/2-1/2

[Event "NOR-ch"]
[Site "Oslo"]
[Date "1984.??.??"]
[Round "6"]
[White "Heiberg, T."]
[Black "Scholseth, Tor Kristian"]
[Result "1-0"]
[WhiteElo "2200"]
[BlackElo "2200"]

1.d4 Nf6 2.Nf3 e6 3.c4 d5 4.Nc3 Be7 5.Bf4 O-O 6.e3 dxc4 7.Bxc4 a6 8.Ne5 Nbd7
9.O-O c5 10.dxc5 Bxc5 11.Qf3 Bb4 12.Ne2 Qb6 13.Rac1 Bd6 14.Nxd7 Bxd7 15.Bxd6 Qxd6
16.Nf4 Bc6 17.Rfd1 Qe5 18.Qe2 Rfd8 19.b4 Rac8 20.a3 Ne4 21.Rxd8+ Rxd8 22.Nd3 Qg5
23.f4 Qe7 24.Ne5 Bd5 25.Bxd5 exd5 26.Qd3 a5 27.bxa5 f6 28.Nf3 Nc5 29.Qc3 Ne4
30.Qb4 Nd6 31.Qc5 Kh8 32.Rf1 Qe6 33.Qb6 Re8 34.a6  1-0

[Event "Pernik"]
[Site "Pernik"]
[Date "1984.??.??"]
[Round "2"]
[White "Karolyi, Tibor Jr"]
[Black "Nenkov, Ljudmil"]
[Result "1-0"]
[WhiteElo "2410"]
[BlackElo "2245"]

1.d4 d5 2.c4 e6 3.Nc3 Be7 4.Nf3 Nf6 5.Bf4 O-O 6.e3 c5 7.dxc5 Qa5 8.a3 dxc4
9.Bxc4 Qxc5 10.Qe2 Nc6 11.b4 Qh5 12.O-O e5 13.Nxe5 Qxe2 14.Bxe2 Nxe5 15.Bxe5 Bg4
16.Bxg4 Nxg4 17.Bd4 Rfd8 18.Rfd1 a5 19.b5 Rac8 20.a4 f5 21.h3 Nf6 22.Ne2 Rc2
23.Kf1 Ne4 24.Rdc1 Rdc8 25.Rxc2 Rxc2 26.Rc1 Ra2 27.Rc7 Bf8 28.Rxb7 Rxa4 29.f3 Nc5
30.Rb8 Ne6 31.Ra8 f4 32.b6 Rb4 33.Nxf4 Rb1+ 34.Kf2 Nxf4 35.exf4 Rb5 36.Ke3 Kf7
37.Ke4 g6 38.g4 Be7 39.Ra7 Ke6 40.f5+ gxf5+ 41.gxf5+ Kd6 42.f6  1-0

[Event "Pernik"]
[Site "Pernik"]
[Date "1984.??.??"]
[Round "9"]
[White "Danailov, Silvio"]
[Black "Kirov, Nino"]
[Result "1/2-1/2"]
[WhiteElo "2345"]
[BlackElo "2455"]

1.d4 d5 2.c4 e6 3.Nc3 Nf6 4.Nf3 Be7 5.Bf4 O-O 6.e3 c5 7.dxc5 Bxc5 8.a3 Nc6
9.Qc2 Qa5 10.Rd1 Be7 11.Rd2 Ne4 12.Nxe4 dxe4 13.Qxe4 f5 14.Qc2 e5 15.Bg5 Bxg5
16.Nxg5 h6 17.Nf3 a6 18.Be2  1/2-1/2

[Event "Reggio Emilia8485"]
[Site "Reggio Emilia"]
[Date "1984.??.??"]
[Round "11"]
[White "Miles, Anthony J"]
[Black "Lobron, Eric"]
[Result "1-0"]
[WhiteElo "2565"]
[BlackElo "2495"]

1.d4 d5 2.c4 e6 3.Nc3 Nf6 4.Nf3 Be7 5.Bf4 O-O 6.e3 c5 7.dxc5 Bxc5 8.a3 Nc6
9.Be2 Re8 10.O-O h6 11.b4 Bf8 12.Bg3 a6 13.Qc2 Bd7 14.Rfd1 Rc8 15.c5 Ne7
16.e4 dxe4 17.Nxe4 Nxe4 18.Qxe4 Nd5 19.Ne5 Ba4 20.Bh5 Rc7 21.Rd4 g6 22.Nxg6 fxg6
23.Bxg6 Rg7 24.Re1 Ree7 25.Be5 Bc6 26.Qd3 Rd7 27.Qg3 Qg5 28.Rg4 Rxg6 29.Rxg5 Rxg5
30.Qh3 Rf7 31.f3 Rff5 32.Bg3 e5 33.Qh4 Bg7 34.Qc4 Kh8 35.Rd1 Nf6 36.Qe6 e4
37.Rd8+ Kh7 38.f4 Rh5 39.h3 Rd5 40.Rd6 Rhf5 41.Bh4 Rxf4 42.Bxf6 Rxf6 43.Qxe4+ Rdf5
44.Rxc6 bxc6 45.g4  1-0

[Event "Reykjavik op"]
[Site "Reykjavik"]
[Date "1984.??.??"]
[Round "1"]
[White "Olafsson, Fridrik"]
[Black "Meyer, Holger"]
[Result "1-0"]
[WhiteElo "2495"]
[BlackElo "2305"]

1.d4 d5 2.c4 e6 3.Nc3 Be7 4.Nf3 Nf6 5.Bf4 O-O 6.e3 c5 7.dxc5 Bxc5 8.Be2 dxc4
9.Bxc4 a6 10.O-O b5 11.Bd3 Bb7 12.Rc1 Nbd7 13.Qe2 Qe7 14.Bg5 Rfd8 15.Be4 Bxe4
16.Nxe4 Bb6 17.Rc6 Qb4 18.Nxf6+ gxf6 19.Bh4 Rac8 20.a3 Qe4 21.Rd6 Kf8 22.Rfd1 Rc2
23.Qe1 Ke7 24.h3 Bc7 25.R6d4 Qc6 26.Qb4+ Ke8 27.Rg4 Nf8 28.Rxd8+ Bxd8 29.Nd4 Rc1+
30.Kh2 Qc7+ 31.Bg3 Qe7 32.Qd2 Rc5 33.Rg8 Bc7 34.Bxc7 Qxc7+ 35.f4 Ke7 36.Qb4 a5
37.Qe1 Ng6 38.Ra8 b4 39.axb4 axb4 40.Qxb4 Kd7 41.Qa4+  1-0

[Event "Reykjavik op"]
[Site "Reykjavik"]
[Date "1984.??.??"]
[Round "1"]
[White "Knezevic, Milorad"]
[Black "Halldorsson, Gudmundur"]
[Result "1-0"]
[WhiteElo "2450"]
[BlackElo "2260"]

1.d4 d5 2.Nf3 Nf6 3.c4 e6 4.Nc3 Be7 5.Bf4 O-O 6.e3 c5 7.dxc5 Bxc5 8.a3 dxc4
9.Bxc4 Qxd1+ 10.Rxd1 a6 11.b4 Be7 12.Bd6 Bxd6 13.Rxd6 b5 14.Bb3 Bb7 15.Ne5 Bxg2
16.Rg1 Bh3 17.e4 a5 18.Rd3 axb4 19.axb4 Ra1+ 20.Bd1 Nxe4 21.Nxe4 Bf5 22.Nf6+  1-0

[Event "Rome-B"]
[Site "Rome"]
[Date "1984.??.??"]
[Round "1"]
[White "Skembris, Spyridon"]
[Black "Passerotti, Pierluigi"]
[Result "1-0"]
[WhiteElo "2385"]
[BlackElo "2325"]

1.d4 Nf6 2.Nf3 d5 3.c4 e6 4.Nc3 Be7 5.Bf4 O-O 6.e3 b6 7.Rc1 Bb7 8.cxd5 exd5
9.h3 c5 10.Be2 Nc6 11.O-O a6 12.dxc5 bxc5 13.Qa4 Qb6 14.Qc2 Rac8 15.Na4 Qa7
16.Rfd1 Nd8 17.Bd3 g6 18.Bh6 Re8 19.Be2 Ne6 20.Ng5 Ng7 21.e4 Nxe4 22.Nxe4 dxe4
23.Bc4 Bc6 24.Qc3 Nf5 25.Bxf7+ Kxf7 26.Qc4+ Kf6 27.Qc3+ Nd4 28.Qe3 Nf5 29.Qc3+ Nd4
30.Qe3 Bxa4 31.Rxd4 cxd4 32.Qf4+ Ke6 33.Qxe4+ Kf7 34.Qd5+ Kf6 35.Re1 Qd7
36.Qe5+ Kf7 37.Qg7+  1-0

[Event "BUL-ch"]
[Site "Sofia"]
[Date "1984.??.??"]
[Round "?"]
[White "Georgiev, Kiril"]
[Black "Antonov, Vladimir"]
[Result "1-0"]
[WhiteElo "2515"]
[BlackElo "2365"]

1.d4 d5 2.c4 e6 3.Nc3 Be7 4.Nf3 Nf6 5.Bf4 O-O 6.e3 c5 7.dxc5 Bxc5 8.Qc2 Nc6
9.Rd1 Qa5 10.a3 Be7 11.Nd2 e5 12.Bg5 d4 13.Nb3 Qd8 14.exd4 exd4 15.Be2 Ng4
16.Bxe7 Qxe7 17.Nxd4 Qh4 18.g3 Qf6 19.Ne4 Qe7 20.Nxc6 bxc6 21.Nd6 Qf6 22.O-O Be6
23.Qe4 h5 24.Qd4 Qxd4 25.Rxd4 c5 26.Rd2 Rab8 27.f4 Ne3 28.Rf3 Nf5 29.Nxf5 Bxf5
30.Re3 g6 31.Re5 Rfc8 32.Kf2 Kf8 33.Ke1 Rb6 34.Bd1 Be6 35.Be2 Bf5 36.Kd1 Rcb8
37.Bxh5 Rxb2 38.Rxc5 Rb1+ 39.Ke2 R8b3 40.Bf3 Bh3 41.Bd5 Rxa3 42.Rc7 f5 43.Bb7 Bf1+
44.Kf2 Bd3 45.c5 Rf1+ 46.Kg2 Re1 47.Kh3 Re7 48.Rxe7 Kxe7 49.Kh4 Kf6 50.c6 Rc3
51.Ra2 g5+ 52.fxg5+ Kg6 53.Ra4 Rc2 54.h3 Bf1 55.Rf4 Bg2 56.Bc8 Rxc6 57.Bxf5+ Kg7  1-0

[Event "Thessaloniki ol (Women)"]
[Site "Thessaloniki"]
[Date "1984.??.??"]
[Round "7"]
[White "Thorsteinsdottir, Gudlaug"]
[Black "Iacono, R."]
[Result "1-0"]
[WhiteElo "2015"]
[BlackElo "1880"]

1.d4 d5 2.c4 e6 3.Nc3 Be7 4.Nf3 Nf6 5.Bf4 c5 6.e3 O-O 7.dxc5 Bxc5 8.Qc2 Nc6
9.Rd1 Qa5 10.a3 Be7 11.Rd2 Ne4 12.Nxe4 dxe4 13.Qxe4 Rd8 14.Qc2 e5 15.Bg3 f5
16.Qc1 Be6 17.Be2 e4 18.b4 Bxb4 19.axb4 Qxb4 20.Nd4 Nxd4 21.exd4 Rxd4 22.Qb2 Qxb2
23.Rxb2 b6 24.Be5 Rdd8 25.O-O Rac8 26.Rc1 Rc6 27.h4 a6 28.Rcb1 Bxc4 29.Bxc4+ Rxc4
30.Rxb6 a5 31.Rb7 Rcc8 32.Rxg7+ Kf8 33.Rbb7  1-0

[Event "Tirnavia"]
[Site "Trnava"]
[Date "1984.??.??"]
[Round "5"]
[White "Meduna, Eduard"]
[Black "Velikov, Petar"]
[Result "1-0"]
[WhiteElo "2475"]
[BlackElo "2465"]

1.d4 Nf6 2.c4 e6 3.Nf3 d5 4.Nc3 Be7 5.Bf4 O-O 6.e3 c5 7.dxc5 Bxc5 8.a3 Nc6
9.Qc2 Qa5 10.Rd1 Be7 11.Rd2 Ne4 12.Nxe4 dxe4 13.Qxe4 Rd8 14.Be2 e5 15.b4 Qxa3
16.Rxd8+ Nxd8 17.O-O Qxb4 18.Nxe5 Ne6 19.Bd3 Nf8 20.Rb1 Qa3 21.h3 a5 22.Qf3 Bf6
23.Be4 Qc3 24.Nxf7 a4 25.Bd5 a3 26.Be5 a2 27.Ra1 Be6 28.Nh6+  1-0

[Event "Hoogovens"]
[Site "Wijk aan Zee"]
[Date "1984.??.??"]
[Round "5"]
[White "Miles, Anthony J"]
[Black "Beliavsky, Alexander G"]
[Result "0-1"]
[WhiteElo "2610"]
[BlackElo "2565"]

1.c4 e6 2.Nc3 d5 3.d4 Nf6 4.Nf3 Be7 5.Bf4 O-O 6.e3 c5 7.dxc5 Bxc5 8.Qc2 Nc6
9.a3 Qa5 10.Rd1 Be7 11.Rd2 Ne4 12.Nxe4 dxe4 13.Qxe4 Rd8 14.Qc2 e5 15.Bg3 e4
16.Qxe4 Bf5 17.Qf4 Rxd2 18.Nxd2 Rd8 19.e4 Bg4 20.c5 Nb4 21.f3 g5 22.axb4 Qa1+
23.Ke2 gxf4 24.Bxf4 Be6 25.Be5 Qc1 26.Bc3 Bg5  0-1

[Event "Hoogovens"]
[Site "Wijk aan Zee"]
[Date "1984.??.??"]
[Round "7"]
[White "Miles, Anthony J"]
[Black "Van der Sterren, Paul"]
[Result "1/2-1/2"]
[WhiteElo "2610"]
[BlackElo "2475"]

1.c4 e6 2.Nc3 d5 3.d4 Nf6 4.Nf3 Be7 5.Bf4 O-O 6.e3 c5 7.dxc5 Bxc5 8.Qc2 Nc6
9.a3 Qa5 10.Rd1 Be7 11.Be2 Ne4 12.cxd5 Nxc3 13.bxc3 exd5 14.O-O Be6 15.Rb1 Qxa3
16.Rxb7 Rfc8 17.Rc1 Bf5 18.Qd1 a5 19.Bb5 Nd8 20.Rc7 Rxc7 21.Bxc7 Ne6 22.Be5 f6
23.Bg3 Bg4 24.Bd7 Nd4 25.Bxg4 Qxc1 26.Nxd4 Qxd1+ 27.Bxd1 a4 28.Bf3 Ra5 29.Bc7 Rc5
30.Bb6 Rxc3 31.Bxd5+ Kh8 32.Kf1 Bc5 33.Bxc5 Rxc5 34.e4 f5 35.f3 fxe4 36.fxe4 g6
37.Ke2 a3 38.Kd3 Ra5 39.Ba2 Kg7 40.Kc3 Kf6 41.Nf3 Rb5 42.e5+ Ke7 43.Nd4 Rb2
44.Bd5 Rf2 45.Nc2 Re2 46.Nb4 Kd7 47.Kd4 g5 48.h3 h5 49.g4 h4 50.Bc4 Re1 51.Bd3 Rd1
52.Ke4 Rd2 53.Bc4 Rb2 54.Na2 Rh2 55.Kf5 Rxh3 56.Kxg5 Rh1 57.Kf6 h3 58.Nc3 Re1
59.Be6+ Kd8 60.Bd5 h2 61.g5 Rf1+ 62.Ke6 Rc1 63.Na2 Rg1 64.Kf6 Rf1+ 65.Ke6 Rg1
66.Kf6 Rd1 67.Ba8 Rf1+ 68.Ke6 h1=Q 69.Bxh1 Rxh1 70.g6 Rg1 71.Kf7 Rf1+ 72.Ke6 Rg1
73.Kf7 Rf1+ 74.Ke6 Rg1  1/2-1/2

[Event "Yerevan"]
[Site "Yerevan"]
[Date "1984.??.??"]
[Round "?"]
[White "Szekely, Peter"]
[Black "Petrosian, Arshak B"]
[Result "1/2-1/2"]
[WhiteElo "2430"]
[BlackElo "2470"]

1.d4 d5 2.c4 e6 3.Nf3 Nf6 4.Nc3 Be7 5.Bf4 c6 6.e3 Nbd7 7.h3 O-O 8.Rc1 a6
9.cxd5 exd5 10.Bd3 Re8 11.O-O Nf8 12.Qc2 Ng6 13.Bh2 Bd6  1/2-1/2

[Event "Zuerich op"]
[Site "Zuerich"]
[Date "1984.??.??"]
[Round "6"]
[White "Cramling, Pia"]
[Black "Lematschko, Tatjana"]
[Result "1/2-1/2"]
[WhiteElo "2405"]
[BlackElo "2305"]

1.Nf3 d5 2.c4 e6 3.d4 Nf6 4.Nc3 Be7 5.Bf4 O-O 6.e3 c5 7.dxc5 dxc4 8.Bxc4 Bxc5
9.O-O Bd7 10.a3 a6 11.Ne5 Be7 12.Qe2 Nc6 13.Rfd1 Nxe5 14.Bxe5 Qc8 15.b4 Bc6
16.b5 axb5 17.Nxb5 Ra5 18.Rab1 Ne4 19.Qb2 Bf6 20.Bxf6 Nxf6 21.Qb4 Bxb5 22.Bxb5 Qa8
23.a4 Nd5 24.Qd4 Qa7 25.Rbc1 g6 26.Qe5 Qb8 27.Qd4 Qa7 28.Qe5 Qb8 29.Qb2 Ra8
30.h4 Qd8 31.e4 Qf6 32.Qd4 Qxd4 33.Rxd4 Nf6 34.Rc7 Rab8 35.f3 Rfc8 36.Rdc4 Rxc7
37.Rxc7 Kf8 38.Kf2 Ne8 39.Rd7 Nf6 40.Rc7 Ne8 41.Bxe8 Kxe8 42.Ke3 Ra8 43.Kf4 Kf8
44.Ke5 Kg7 45.Rc4 Ra5+  1/2-1/2

[Event "URS-ch sf"]
[Site "Aktjubinsk"]
[Date "1985.??.??"]
[Round "?"]
[White "Gofshtein, Leonid D"]
[Black "Kharitonov, Andrei Y"]
[Result "1/2-1/2"]
[WhiteElo "2395"]
[BlackElo "2450"]

1.d4 Nf6 2.c4 e6 3.Nf3 d5 4.Nc3 Be7 5.Bf4 O-O 6.e3 c5 7.dxc5 Bxc5 8.cxd5 Nxd5
9.Nxd5 exd5 10.a3 Nc6 11.Bd3 Bb6 12.b4 Bg4 13.O-O Re8 14.h3 Bh5 15.Be2 Bg6
16.Ra2 d4 17.exd4 Nxd4 18.Nxd4 Qxd4 19.Qxd4 Bxd4 20.Rd1 Bf6 21.Bf3 Be4 22.Rd7 Bxf3
23.gxf3 Re7 24.Rad2 Rxd7 25.Rxd7 b5 26.Rd5  1/2-1/2

[Event "Albena"]
[Site "Albena"]
[Date "1985.??.??"]
[Round "?"]
[White "Lechtynsky, Jiri"]
[Black "Gaprindashvili, Nona"]
[Result "1-0"]
[WhiteElo "2450"]
[BlackElo "2350"]

1.d4 d5 2.Nf3 Nf6 3.c4 e6 4.Nc3 Be7 5.Bf4 O-O 6.e3 c5 7.dxc5 Bxc5 8.a3 Nc6
9.Be2 dxc4 10.Bxc4 a6 11.Qc2 Be7 12.O-O Qa5 13.b4 Qh5 14.Be2 Qg6 15.Bd3 Qh5
16.Ne2 e5 17.Ng3 Qxf3 18.gxf3 exf4 19.Nf5 Bd8 20.Nd6 Bh3 21.Rfe1 Ne5 22.Be4 fxe3
23.Rxe3 Bb6 24.Bxh7+ Nxh7 25.Rxe5 Bd4 26.Rh5 Nf6 27.Rxh3 Bxa1 28.f4 Rfd8
29.Rd3 Rd7 30.Qa2 Bc3 31.Qb3 Ba1 32.Qb1 Rad8 33.Nxb7 Rxd3 34.Nxd8 Rxa3 35.Qc1 Rd3
36.Qc8  1-0

[Event "ITA-ch44"]
[Site "Arcidosso"]
[Date "1985.??.??"]
[Round "8"]
[White "Sanna, Gianlazzaro"]
[Black "Mantovani, Renzo"]
[Result "1-0"]
[WhiteElo "2365"]
[BlackElo "2230"]

1.d4 d5 2.c4 e6 3.Nc3 Be7 4.Nf3 Nf6 5.Bf4 O-O 6.e3 Nbd7 7.Qc2 c6 8.h3 Qa5
9.Nd2 Re8 10.a3 Qd8 11.Rd1 dxc4 12.Nxc4 Nd5 13.Bh2 Nxc3 14.Qxc3 Nb6 15.Ne5 f6
16.Nc4 Nxc4 17.Bxc4 Bd6 18.Bxd6 Qxd6 19.O-O Kh8 20.e4 Qe7 21.d5 cxd5 22.exd5 exd5
23.Rfe1 Qf8 24.Bxd5 h6 25.Qc7 Rd8 26.Bf3 Rxd1 27.Rxd1 Be6 28.Bxb7 Rb8 29.Bf3 a6
30.b4 Bb3 31.Rd7 Be6 32.Rxg7 Rc8 33.Rh7+ Kg8 34.Qe7 Rc1+ 35.Kh2 Bf7 36.Rh8+  1-0

[Event "Copenhagen"]
[Site "Copenhagen"]
[Date "1985.??.??"]
[Round "3"]
[White "Karlsson, Lars"]
[Black "Hoi, Carsten"]
[Result "0-1"]
[WhiteElo "2550"]
[BlackElo "2380"]

1.c4 e6 2.Nc3 d5 3.d4 Nf6 4.Nf3 Be7 5.Bf4 O-O 6.e3 c6 7.Qc2 Nbd7 8.h3 Qa5
9.Nd2 Bb4 10.Bd3 Re8 11.O-O e5 12.Bg3 e4 13.Be2 a6 14.a3 Bf8 15.b4 Qd8 16.c5 g6
17.a4 h5 18.b5 a5 19.f3 exf3 20.Rxf3 Bh6 21.e4 Bxd2 22.Qxd2 Nxe4 23.Nxe4 dxe4
24.Rc3 Nf8 25.Rf1 Be6 26.Bd6 Bd5 27.Qh6 Re6 28.Qf4 Qd7 29.Be5 Rae8 30.bxc6 bxc6
31.Rb1 Rxe5 32.dxe5 Qc7 33.Qg3 Qxe5 34.Qxe5 Rxe5 35.Rb8 Kg7 36.Ra8 Ne6 37.Rxa5 e3
38.Ra8 Nd4 39.Kf1 Bxg2+ 40.Ke1 Bxh3 41.Rd8 Nxe2  0-1

[Event "BCF-ch"]
[Site "Edinburgh"]
[Date "1985.??.??"]
[Round "1"]
[White "Miles, Anthony J"]
[Black "Bradbury, Neil H"]
[Result "1-0"]
[WhiteElo "2560"]
[BlackElo "2335"]

1.d4 Nf6 2.c4 e6 3.Nf3 d5 4.Nc3 Be7 5.Bf4 O-O 6.e3 c5 7.dxc5 Bxc5 8.a3 Be7
9.Qc2 Nc6 10.Be2 Ne4 11.O-O Nxc3 12.Qxc3 Bf6 13.Qc2 e5 14.Bg3 dxc4 15.Bxc4 Qe7
16.Bd5 Bd7 17.Rad1 Rac8 18.Qb1 Bg4 19.Rd2 Rfe8 20.Qe4 Bh5 21.Nh4 Bxh4 22.Bxh4 Qc5
23.Ba2 Bg6 24.Qa4 b5 25.Qd1 Ne7 26.Rd7 Nf5 27.Bd8 Qc6 28.Ba5 a6 29.Qd5 Qxd5
30.Bxd5 Re7 31.Rxe7 Nxe7 32.Bb7 Rb8 33.Rd1 f6 34.Rd7 Nf5 35.Bxa6 Be8 36.Ra7 Bc6
37.Rc7 Be8 38.Bb4 h5 39.Bc8 Nh6 40.f3 Nf7 41.Be6 g6 42.e4 Kg7 43.h4 Rd8 44.g4 Rb8
45.Kf2 Ra8 46.g5 fxg5 47.hxg5 Rd8 48.Kg3 Kg8 49.Re7  1-0

[Event "Gausdal zt"]
[Site "Gausdal"]
[Date "1985.??.??"]
[Round "?"]
[White "Yrjola, Jouni"]
[Black "Westerinen, Heikki MJ"]
[Result "1/2-1/2"]
[WhiteElo "2500"]
[BlackElo "2420"]

1.d4 d5 2.c4 e6 3.Nc3 Nf6 4.Nf3 Be7 5.Bf4 O-O 6.e3 c5 7.dxc5 Bxc5 8.Qc2 Nc6
9.Rd1 Qa5 10.a3 Be7 11.Nd2 e5 12.Bg3 d4 13.Nb3 Qb6 14.exd4 Nxd4 15.Nxd4 exd4
16.Nb5 a6 17.Nxd4 Rd8 18.Nb3 Rxd1+ 19.Kxd1 Be6 20.Kc1 Rc8 21.Kb1 a5 22.Be5 a4
23.Nd4 Ng4 24.Nxe6 Nxe5 25.Nf4 Qd4 26.Nd5 Bf8 27.Ne3 b5 28.Be2 bxc4 29.Rd1 Qf4
30.Qf5 Qxf5+ 31.Nxf5 g6 32.Ne3 Rb8 33.Kc2  1/2-1/2

[Event "Bundesliga 8485"]
[Site "Germany"]
[Date "1985.??.??"]
[Round "?"]
[White "Miles, Anthony J"]
[Black "Spassky, Boris V"]
[Result "1/2-1/2"]
[WhiteElo "2570"]
[BlackElo "2580"]

1.d4 d5 2.c4 e6 3.Nc3 Nf6 4.Nf3 Be7 5.Bf4 O-O 6.e3 Nbd7 7.cxd5 Nxd5 8.Bg3 c5
9.Nxd5 exd5 10.dxc5 Qa5+ 11.Qd2  1/2-1/2

[Event "Bundesliga 8485"]
[Site "Germany"]
[Date "1985.??.??"]
[Round "?"]
[White "Robatsch, Karl"]
[Black "Spassky, Boris V"]
[Result "1/2-1/2"]
[WhiteElo "2430"]
[BlackElo "2590"]

1.Nf3 Nf6 2.c4 e6 3.Nc3 d5 4.d4 Be7 5.Bf4 O-O 6.Rc1 c5 7.dxc5 Bxc5 8.cxd5 exd5
9.e3 Nc6 10.Be2 Be6 11.O-O a6 12.Ne5 Be7 13.Na4 Nxe5 14.Bxe5 b5 15.Bc7 Qe8
16.Nb6 Ra7 17.Bf3 Rxc7 18.Rxc7 Bd8 19.Qc2 Bxc7 20.Qxc7 Qb8 21.Rc1 Rd8 22.Qxb8  1/2-1/2

[Event "Hastings8586"]
[Site "Hastings"]
[Date "1985.??.??"]
[Round "7"]
[White "Conquest, Stuart"]
[Black "Greenfeld, Alon"]
[Result "1-0"]
[WhiteElo "2350"]
[BlackElo "2490"]

1.d4 d5 2.c4 e6 3.Nc3 Be7 4.Nf3 Nf6 5.Bf4 O-O 6.e3 c5 7.dxc5 Bxc5 8.Qc2 Nc6
9.a3 Qa5 10.Rd1 Be7 11.Be2 Ne4 12.cxd5 Nxc3 13.bxc3 exd5 14.O-O Be6 15.a4 Rfc8
16.Rb1 Bf6 17.Rxb7 Qxc3 18.Qxc3 Bxc3 19.Rc1 Bf6 20.h3 h6 21.Rc7 Na5 22.Ba6 Rxc7
23.Rxc7 Bd8 24.Rc1 Bb6 25.Nd4 Bd7 26.Bb5 Bxb5 27.Nxb5 Nc4 28.Nc3 Rd8 29.Nxd5 Rxd5
30.Rxc4 Rd1+ 31.Kh2 Ra1 32.g4 Ra2 33.Kg3 Ba5 34.Kf3 Be1 35.Bg3 a5 36.h4 Bb4
37.h5 Kh7 38.Bc7 Be1 39.Ke4 Rxf2 40.Bg3 Re2 41.Kf3 Rxe3+ 42.Kxe3 Bxg3  1-0

[Event "Kecskemet op"]
[Site "Kecskemet "]
[Date "1985.??.??"]
[Round "1"]
[White "Lechtynsky, Jiri"]
[Black "Bauer, Tamas"]
[Result "1-0"]
[WhiteElo "2450"]
[BlackElo "2260"]

1.Nf3 e6 2.c4 Nf6 3.d4 d5 4.Nc3 Be7 5.Bf4 O-O 6.e3 c6 7.Bd3 Nbd7 8.h3 dxc4
9.Bxc4 Nb6 10.Bb3 Nbd5 11.Bh2 Qa5 12.Qd3 b6 13.Ne5 Ba6 14.Bc4 Nb4 15.Qe2 Bxc4
16.Nxc4 Qa6 17.O-O c5 18.dxc5 Bxc5 19.Rfd1 Nbd5 20.Nd6 Qxe2 21.Nxe2 Rfd8
22.Nb7 Rdc8 23.Nxc5 Rxc5 24.Bd6 Rc6 25.Ba3 a6 26.Rac1 Rac8 27.Rxc6 Rxc6 28.f3 h6
29.Kf2 Rc2 30.Rc1 Rxc1 31.Nxc1 b5 32.Bd6 Ne8 33.Bc5 f5 34.Nd3 Kf7 35.e4 fxe4
36.fxe4 Ndc7 37.Ke3 Kf6 38.Bd4+ Ke7 39.Be5 g6 40.Kd4 Nd6 41.Nf4 h5 42.Nxg6+ Kd7
43.Bg7 Nf7 44.Ne5+ Ke7 45.Nxf7 Kxf7 46.Be5 Ne8 47.g4 Ke7 48.Kc5 Nf6 49.Bxf6+ Kxf6
50.Kd6  1-0

[Event "Kecskemet op"]
[Site "Kecskemet "]
[Date "1985.??.??"]
[Round "7"]
[White "Lechtynsky, Jiri"]
[Black "Horvath, Zoltan"]
[Result "1-0"]
[WhiteElo "2450"]
[BlackElo "2405"]

1.Nf3 Nf6 2.c4 e6 3.d4 d5 4.Nc3 Be7 5.Bf4 O-O 6.e3 c5 7.dxc5 Bxc5 8.a3 dxc4
9.Bxc4 a6 10.Qc2 b5 11.Bd3 Be7 12.O-O Bb7 13.Rfd1 Qb6 14.Rac1 h6 15.Ne4 Nd5
16.Bc7 Nxc7 17.Qxc7 Bd8 18.Qxb6 Bxb6 19.Nd6 Bd5 20.Ne5 Bd8 21.Bb1 Bf6 22.f4 Bxe5
23.fxe5 Ra7 24.Nc8 Rb7 25.Rd4 Bc6 26.Nd6 Rd7 27.Rd3 Bd5 28.a4 bxa4 29.Rd4 f6
30.Rxa4 fxe5 31.Ne4 Bc6 32.Rb4 Bb5 33.Ba2 Rd3 34.Nc5 Rxe3 35.Nxe6 Nd7 36.h3 Rf6
37.Rxb5 axb5 38.Nc5+ Kh8 39.Nxd7 Rd6 40.Rc8+ Kh7 41.Nf8+ Kh8 42.Kf2 Red3
43.Nd7+ Kh7 44.Bg8+  1-0

[Event "WchT U26"]
[Site "Mendoza"]
[Date "1985.??.??"]
[Round "5"]
[White "Gervasio, Ricardo"]
[Black "Garcia, Alvaro"]
[Result "1/2-1/2"]
[WhiteElo "2225"]
[BlackElo "2255"]

1.c4 Nf6 2.Nc3 e6 3.Nf3 d5 4.d4 Be7 5.Bf4 O-O 6.e3 c6 7.Bd3 Nbd7 8.cxd5 exd5
9.h3 Re8 10.Rc1 Nf8 11.O-O Ng6 12.Bh2 Bd6 13.Bxd6 Qxd6 14.a3 Qe7 15.b4 Ne4
16.Bxe4 dxe4 17.Nd2 f5 18.Qh5 Be6 19.Na4 a5 20.Nc5 axb4 21.axb4 Ra2 22.Rfd1 Nf8
23.b5 g6 24.Qh6 cxb5 25.Nxe6 Nxe6 26.d5 Qd6 27.Nxe4 fxe4 28.dxe6 Rd2 29.Rxd2 Qxd2
30.Rc7 Qd1+ 31.Kh2 Qd6+ 32.Qf4 Qxf4+ 33.exf4 Rxe6 34.Rxb7 Rf6 35.g3 Rf5 36.h4 Rc5
37.Kg2 Rc2 38.Kf1 Rb2 39.Re7 Rb4 40.Ke2 Rc4 41.Ke3 Rc1 42.Rxe4 Rb1 43.Kd3 Kf7
44.h5 gxh5 45.f5 b4 46.Kc2 Rf1 47.Rf4 Kf6 48.Kb2 h4  1/2-1/2